Erdélyi magyar irodalom a nyolcvanas években. (Rövidített szöveg)

Elmentve itt :
Bibliográfiai részletek
Szerző: BERTHA Zoltán
Adatforrás:Meister
Forrásdokumentuma:Helikon. -
49 ; 50 sz., 1990, 2-3 ; 2-3 p.
Nyelv:magyar
Kulcsszavak:irodalomtörténet
magyar irodalom (romániai)
TAMÁS GÁSPÁR Miklós
EGYED Péter
BÍRÓ Béla
CSAPÓDY Miklós
POMOGÁTS Béla
SÜTŐ András
SZÉKELY János
SZABÓ Gyula
FARKAS Árpád
MÉLIUSZ József
SZÁSZ János
DEÁK Tamás
BODOR Pál
HUSZÁR Sándor
SZÁVAI Géza
MÓZES Attila
BOGDÁN László
PUSZTAI János
BÁLINT Tibor
BORCSA János
BRETTER György
SZŐCS Géza
CSELÉNYI Béla
MOLNOS Lajos
PALOCSAY Zsigmond
KÁNYÁDI Sándor
KENÉZ Ferenc
MARKÓ Béla
LEADER 01289nab a2200469 i 4500
001 bibPRO00009134
008 060524s1990 xx hun
040 |a Sz1 
041 |a hun 
100 1 |a BERTHA Zoltán 
245 1 0 |a Erdélyi magyar irodalom a nyolcvanas években. (Rövidített szöveg)  |c BERTHA Zoltán 
695 |a irodalomtörténet 
695 |a magyar irodalom (romániai) 
695 |a TAMÁS GÁSPÁR Miklós 
695 |a EGYED Péter 
695 |a BÍRÓ Béla 
695 |a CSAPÓDY Miklós 
695 |a POMOGÁTS Béla 
695 |a SÜTŐ András 
695 |a SZÉKELY János 
695 |a SZABÓ Gyula 
695 |a FARKAS Árpád 
695 |a MÉLIUSZ József 
695 |a SZÁSZ János 
695 |a DEÁK Tamás 
695 |a BODOR Pál 
695 |a HUSZÁR Sándor 
695 |a SZÁVAI Géza 
695 |a MÓZES Attila 
695 |a BOGDÁN László 
695 |a PUSZTAI János 
695 |a BÁLINT Tibor 
695 |a BORCSA János 
695 |a BRETTER György 
695 |a SZŐCS Géza 
695 |a CSELÉNYI Béla 
695 |a MOLNOS Lajos 
695 |a PALOCSAY Zsigmond 
695 |a KÁNYÁDI Sándor 
695 |a KENÉZ Ferenc 
695 |a MARKÓ Béla 
773 0 |t Helikon. -  |g 49 ; 50 sz., 1990, 2-3 ; 2-3 p.